Critical terms for media studies

Αποθηκεύτηκε σε:
Λεπτομέρειες βιβλιογραφικής εγγραφής
Άλλοι συγγραφείς: Mitchell, W. J. T. (William John Thomas) 1942- (Επιμελητής έκδοσης), Hansen, M. B. N. (Mark Boris Nicola) 1965- (Επιμελητής έκδοσης)
Μορφή: Βιβλίο
Γλώσσα:English
Δημοσίευση: Chicago; London : The University of Chicago Press, 2010
Θέματα:
Ετικέτες: Προσθήκη ετικέτας
Δεν υπάρχουν, Καταχωρήστε ετικέτα πρώτοι!

MARC

LEADER 00000nam a2200000 i 4500
001 1/42078
008 140214s2010 eng d
020 |a 978-0-240-51937-1 
035 |l 10116684 
040 |a GR-MY-UA  |b gre  |e aacr 
041 0 |a eng 
082 0 |a 302.23  |2 (22) 
245 1 0 |a Critical terms for media studies /  |c edited by W.J.T. Mitchell and Mark Hansen 
260 |a Chicago; London :   |b The University of Chicago Press,   |c 2010 
300 |a xxii, 353 σ.;  |c 24 εκ. 
504 |a Περιλαμβάνει ευρετήρια 
505 0 |a Aesthetics. Art / Johanna Drucker -- Body / Bernadette Wegenstein -- Image / W.J.T. Mitchell-- Materiality / Bill Brown -- Memory / Bernard Stiegler, with an introduction by Mark Hansen -- Senses / Caroline Jones -- Time and space / W. J. T. Mitchell and Mark Hansen -- Technology. Biomedia / Eugene Thacker -- Communication / Bruce Clarke -- Cybernetics / N. Katherine Hayles -- Information / Bruce Clark-- New media / Mark Hansen -- Hardware/software/wetware / Geoffrey Winthrop-Young -- Technology / John Johnston -- Society. Exchange / David Graeber -- Language / Cary Wolfe -- Law / Peter Goodrich -- Mass media / John Durham Peters -- Networks / Alexander R. Galloway -- Systems / David Wellbery -- Writing / Lydia H. Liu. 
650 0 0 |a Literature and technology. 
650 0 0 |a Art and technology. 
650 0 0 |a Digital media. 
650 0 0 |a Image (Philosophy) 
700 1 |a Mitchell, W. J. T.  |q (William John Thomas)  |d 1942-  |4 edt 
700 1 |a Hansen, M. B. N.  |q (Mark Boris Nicola)  |d 1965-  |4 edt 
852 |a INST  |b LESVOS  |e 20140214  |h 302.23 CRI  |p 005100053587  |q 005100053587  |t BK  |y 0 
901 |a BIBL1-2014-1 
909 |a Λ  |b 179403 
922 |a 1ΕΛΗ  |b 201307  |c ΤΜΗΜΑ ΠΟΛΙΤΙΣΜΙΚΗΣ ΤΕΧΝΟΛΟΓΙΑΣ ΚΑΙ ΕΠΙΚΟΙΝΩΝΙΑΣ  |d ΙΩΑΝΝΙΔΟΥ 
970 |a ΤΖΑΦΕΡΗ  |b ΕΥΑΓΓΕΛΙΑ  |z 2014/02/12